Kluby, których nie zobaczymy w EA Sports FC 24 - Statystyki

Ogólne statystyki
  • Ten quiz został rozwiązany 9 razy
  • Średni wynik to 2 z 44
Statystyki odpowiedzi
Kraj
pochodzenia
Klub % Poprawnych
Polska Wisła Płock
88%
Polska Lechia Gdańsk
75%
Polska Miedź Legnica
50%
Dania Aalborg
13%
Niemcy Zwickau
13%
Arabia Saudyjska Al Adalh
0%
Arabia Saudyjska Al Batin
0%
Argentyna Arsenal Sarandi
0%
Włochy Benevento
0%
Holandia Cambuur
0%
Rumunia Chindia Targoviste
0%
Chiny Dalian Pro
0%
Francja Dijon
0%
Szkocja Dundee Utd
0%
Rumunia FC Arges
0%
Holandia FC Emmen
0%
Portugalia Ferreira
0%
Turcja Giresunspor
0%
Holandia Groningen
0%
Anglia Hartlepool
0%
Dania Horsens
0%
Hiszpania Lugo
0%
Hiszpania Malaga
0%
Portugalia Maritimo
0%
Niemcy Meppen
0%
Rumunia Mioveni
0%
Francja Nimes
0%
Francja Niort
0%
Belgia Oostende
0%
Włochy Perugia
0%
Hiszpania Ponferradina
0%
Chiny Qingdao Hainiu
0%
Austria Ried
0%
Anglia Rochdale
0%
Francja Rodez
0%
Portugalia Santa Clara
0%
Belgia Seraing
0%
Szwajcaria Sion
0%
Włochy Spal
0%
Niemcy Spvgg Bayreuth
0%
Hiszpania UD Ibiza
0%
Turcja Umraniyespor
0%
Niemcy Vfb Oldenburg
0%
Belgia Waregem
0%
Nie znaleziono quizów pasujących do podanych kryteriów
Rozkład punktacji
Procent ludzi z każdym wynikiem
Percentyl według liczby udzielonych odpowiedzi
Twoja historia wyników
Nie rozwiązałeś tego quizu